Taylor Swift I Can See You lyrics - Statistics

General Stats
  • This quiz has been taken 557 times
  • The average score is 336 of 426
Answer Stats
Answer % Correct
You
100%
you
100%
you,
100%
I,
99%
I
99%
a
98%
ya,
97%
ya?
97%
can
96%
me
96%
see
96%
the
96%
do
93%
do?
93%
in
93%
And
91%
and
91%
hall
88%
if
88%
we
88%
to
87%
what
86%
What
86%
would
85%
Then
84%
So
83%
on
82%
my
81%
never
79%
That
79%
that
79%
don't
78%
down
77%
hallway
77%
made
77%
oh,
77%
oh
77%
Oh-
77%
Oh,
77%
could
76%
they
76%
They
76%
with
76%
brush
74%
But
74%
it
74%
knew
74%
knew,
74%
only
74%
past
74%
sound?
74%
think
74%
up
74%
us
74%
out?
73%
touch
73%
now?
72%
Wait
72%
wall
72%
against
71%
'Cause
71%
ever
71%
for
71%
found
71%
not
71%
Baby,
70%
baby
70%
went
70%
your
70%
waitin'
67%
keep
64%
from
63%
quiet
61%
like
60%
it's
59%
professional
59%
I've
58%
as
57%
been
57%
everything
57%
won't
57%
kept
56%
things
56%
ages
55%
"Meet
55%
necktie
55%
suit
55%
tonight"
55%
watchin'
55%
yeah
55%
head
54%
yet
54%
know
53%
secret
53%
feel
52%
happened
52%
haven't
52%
mission
52%
half
51%
inside
51%
note
51%
somethin'
51%
tell,
51%
eyes
50%
saying,
49%
best
48%
time
48%
floor
47%
want
47%
addiction
46%
Passed
46%
'til
46%
tryin'
46%
believe
45%
changed,
45%
fast
44%
jacket
44%
move
44%
spend
44%
Uh-
43%
uh,
43%
uh
43%
(Uh-
43%
uh)
43%
even
41%
something's
41%
being
40%
make
40%
more
40%
kissed
39%
behaving
38%
will
38%
myself
37%
watchful
36%
throw
35%
start
28%
away
25%
Hide
24%
No matching quizzes found
Score Distribution
Percent of People with Each Score
Percentile by Number Answered
Your Score History
You have not taken this quiz